| 000 | 02085nam a2200337 a 4500 | ||
|---|---|---|---|
| 003 | BLK | ||
| 005 | 20250110131946.0 | ||
| 007 | ta | ||
| 008 | 221104b bu |||||r|||| 00| | bu d | ||
| 020 | _a9786197449860 | ||
| 040 | _aBLK | ||
| 041 |
_aBUL _cBUL |
||
| 080 |
_9240481 _aФилософски мистицизъм. Ранни езотерични школи. Кабала. Теософия. Антропософия. Суфизъм. Еклектизъм. Синкретизъм. Херметизъм. Розенкройцерство. Др. школи _b141.33 _z141.33 |
||
| 080 |
_9457019 _aДвижения с елементи на християнство. Вкл. Антропософско движение (Християнска общност) _b299.7 _z299.7 |
||
| 084 | _aД 95 | ||
| 100 |
_aДънов, Петър Константинов _cБеинса Дуно ; Учителя Беинса Дуно _d1864-1944 _gФилософ, създава Школата на Всемирното Бяло братство в България _9363384 |
||
| 245 |
_aКнига на тайнствата _bИз словото на Учителя Петър Дънов _cкомент., предг. Елеазар Хараш |
||
| 250 | _a2. изд. | ||
| 260 |
_9391418 _aВарна _bСветът на книгите _c2022 _f[Варна]: Колор принт |
||
| 300 |
_a384 с. _c20 см |
||
| 380 | _a1 | ||
| 500 | _aЕлеазар Хараш - псевд. на авт. на доп. материал Петко Йорданов Йорданов 1. изд. 2009 на изд. Логос, установено от доп. източник | ||
| 504 | _aБиблиогр.: с. 381-383 | ||
| 650 | 7 |
_9153927 _aДъновизъм |
|
| 700 | 1 |
_aХараш, Елеазар _qЙорданов, Петко Йорданов _gПисател и издател, езотерика _9136203 |
|
| 852 |
_aЦб 321417 _bЦб |
||
| 852 |
_bП _c14/Д 95 П |
||
| 856 |
_i0.00 _ldisable |
||
| 942 |
_cKNG _n0 _03 |
||
| 944 |
_cМоника Янева _k30576 _lЦветомила Тодорова |
||
| 999 |
_c500176 _d500176 |
||